Implementing Behavioural Interventions to Improve Local Public Policies: Practical Insights

Gespeichert in:
Bibliographische Detailangaben
1. Verfasser: Klimko, Roman, 1985-
Format: Buchkapitel
Sprache:Englisch
Schlagworte:
Tags: Tag hinzufügen
Keine Tags, Fügen Sie das erste Tag hinzu!

MARC

LEADER 00000naa$a2200000$$$4500
001 0288180
005 20240502083920.5
041 0 |a eng 
044 |a HR 
245 1 0 |a Implementing Behavioural Interventions to Improve Local Public Policies: Practical Insights  |c Roman Klimko 
500 |a Abstrakt 
610 2 0 |a ekonómia behaviorálna 
610 2 0 |a samospráva miestna 
610 2 0 |a politika verejná 
610 2 0 |a intervencie 
610 2 0 |a Slovensko 
100 1 |a Klimko, Roman, 1985-